[Event "SRB-chT Men 1st League 2019"]
[Site "Subotica"]
[Date "2019.08.26"]
[Round "5.16"]
[White "Miljkovic, Miroslav D"]
[Black "Arsovic, Zoran"]
[Result "1/2-1/2"]
[WhiteElo "2483"]
[BlackElo "2370"]
[Annotator "TA"]
[PlyCount "179"]
[EventDate "2019.08.23"]
[EventType "team-tourn"]
[EventCountry "SRB"]
[SourceTitle "playchess.com"]
[Source "ChessBase"]
[SourceQuality "1"]

{[%evp 15,179,16,17,13,19,32,19,5,12,6,16,-22,-12,-14,34,32,32,30,43,43,47,49,47,47,48,33,41,1,67,10,18,0,0,5,10,19,10,13,10,8,12,8,4,0,0,0,7,0,34,9,60,60,59,0,0,0,0,0,51,51,51,51,51,51,51,51,51,51,51,51,51,51,51,51,51,4,4,0,4,4,4,4,4,0,4,4,14,21,43,51,51,0,0,0,0,0,0,0,0,0,0,0,0,0,0,0,0,0,0,0,0,0,0,0,0,0,0,0,0,0,0,0,0,0,0,0,0,0,0,0,0,0,0,0,0,0,0,0,0,0,0,0,0,0,0,0,0,0,0,0,0,0,0,0,0,0,0,0,0,0,0,0,2,2,2,0]} 1. d4 Nf6 2. c4 e6 3. Nc3 Bb4 4. Qc2 d6 5. Nf3 O-O 6. a3 Bxc3+ 7. Qxc3 Nc6 8. b4 e5 9. dxe5 {E33: Nimzo-Indian: Classical: 4...Nc6} (9. Bb2 Re8 10. e3 Bg4 11. d5 Nb8 12. Nd2 c6 13. e4 a5 14. Bd3 Nbd7 15. O-O c5 16. Nb3 b6 {0-1 (50) Ding,L (2702)-Fressinet,L (2700) Beijing 2012}) 9... Nxe5 10. Nxe5 dxe5 11. g3 Ne4 $146 ({Predecessor:} 11... Bg4 12. f3 Bh5 13. e4 a5 14. Be2 axb4 15. axb4 Rxa1 16. Qxa1 Qe7 {½-½ (69) Bajerlein,D (2037)-Zakrzewski,M (2237) Poznan 2017}) 12. Qe3 Nd6 13. c5 Nc4 14. Qc3 Qd5 15. f3 $1 {[#] Black must now prevent e4.} e4 ({Don't play} 15... Rd8 $6 16. Bg5 $16) 16. Bg2 a5 17. fxe4 Qe5 18. Qxe5 Nxe5 19. Bf4 f6 {[#] And now ...axb4 would win.} 20. Kd2 Be6 21. Kc3 Kf7 (21... b5 $11) 22. Bxe5 (22. b5 $14) 22... fxe5 $11 23. Rhf1+ Ke7 24. Rxf8 Kxf8 25. bxa5 Rxa5 {[%mdl 4096] Endgame KRB-KRB} 26. Kb4 Ra8 27. e3 Ke7 28. a4 Rf8 29. a5 Rf2 {aiming for ...Rb2+.} 30. Bf1 $1 c6 31. Bc4 Bd7 32. Kc3 g5 ({Better is} 32... Rxh2 $11 33. Rb1 Bc8) 33. Rb1 $14 Bc8 34. a6 (34. Rb2 $14 Rxb2 35. Kxb2) 34... bxa6 $11 35. Rb6 Bd7 36. Rb2 Rxb2 ({Black should play} 36... Rf3 $11) 37. Kxb2 {KB-KB} Bg4 38. Bxa6 Bf3 39. Bd3 h6 40. Kc3 Bg2 41. Bc2 Bf3 42. Kd2 Kd8 43. Ke1 Ke7 44. Kf2 Bh1 45. h4 Kf6 46. Bd3 Ke6 47. Ke1 Bf3 48. Kd2 Kf6 49. Kc3 Ke7 50. Bc2 Bg2 51. Kb4 Kd7 52. Bd3 Bf3 53. hxg5 (53. Kc4 $14) 53... hxg5 {The position is equal.} 54. Bc2 Bg2 55. Bd3 Bf3 56. Kc3 Ke7 57. Bc2 Bg2 58. Kd3 Bf1+ 59. Kd2 $1 Bg2 60. Bd3 Bf3 61. Bc2 Bg2 62. Ke2 Bh1 63. Kd3 Bg2 64. Ba4 Kd7 65. Bd1 Bf1+ 66. Kc3 Ke7 67. Bg4 Bg2 68. Bf5 Bf1 69. Kd2 Bb5 70. Bg4 Kd8 71. Ke1 Bd3 72. Bf5 Ke7 73. Kf2 Bc2 74. Bh7 Bd1 75. Bf5 Bc2 76. Kg2 Bd1 77. Bc8 Bc2 78. Bf5 Bd1 79. Kf2 Bc2 80. Ke2 Ba4 81. Bc8 Bc2 82. Bf5 Ba4 83. Bh7 Bb3 84. Kd2 Kd8 85. Bf5 Kc7 86. Bh3 Kd8 87. Bf1 Kd7 88. Be2 Kc7 89. Bd3 Be6 90. Be2 {Accuracy: White = 64%, Black = 81%.} 1/2-1/2

[Event "SRB-chT Men 1st League 2019"]
[Site "Subotica"]
[Date "2019.08.26"]
[Round "5.17"]
[White "Radlovacki, Jovan"]
[Black "Lazic, Miroljub"]
[Result "0-1"]
[WhiteElo "2265"]
[BlackElo "2387"]
[Annotator "NA"]
[PlyCount "92"]
[EventDate "2019.08.23"]
[EventType "team-tourn"]
[EventCountry "SRB"]
[SourceTitle "playchess.com"]
[Source "ChessBase"]
[SourceQuality "1"]
[TimeControl "40/5400+30:1800+30"]

1. e4 {[%emt 0:01:03]} e5 {[%emt 0:00:00]} 2. Nf3 {[%emt 0:00:06]} Nc6 {[%emt 0:00:01]} 3. Bb5 {[%emt 0:02:27]} a6 {[%emt 0:00:10]} 4. Ba4 {[%emt 0:00:07]} Nf6 {[%emt 0:00:13]} 5. d3 {[%emt 0:01:13]} b5 {[%emt 0:04:54]} 6. Bb3 {[%emt 0:02:38]} Be7 {[%emt 0:00:02]} 7. O-O {[%emt 0:13:57]} d6 {[%emt 0:00:20]} 8. c3 {[%emt 0:00:26]} O-O {[%emt 0:00:28]} 9. h3 {[%emt 0:00:10]} Na5 {[%emt 0:07:00]} 10. Bc2 {[%emt 0:00:48]} c5 {[%emt 0:00:09]} 11. Qe2 {[%emt 0:04:42]} Re8 {[%emt 0:01:07]} 12. Rd1 {[%emt 0:00:40]} Qc7 {[%emt 0:01:58]} 13. Nbd2 {[%emt 0:00:11]} Bf8 {[%emt 0:02:46]} 14. Nf1 {[%emt 0:00:32]} Bb7 {[%emt 0:08:24]} 15. Bg5 {[%emt 0:08:47]} Nd7 {[%emt 0:00:51]} 16. Ne3 {[%emt 0:00:24]} h6 {[%emt 0:03:27]} 17. Bh4 {[%emt 0:00:36]} Nb6 {[%emt 0:02:57]} 18. Rac1 {[%emt 0:05:54]} Nc6 {[%emt 0:10:17]} 19. a3 {[%emt 0:22:01]} Ne7 {[%emt 0:01:24]} 20. d4 {[%emt 0:10:01]} Ng6 {[%emt 0:02:24]} 21. dxc5 {[%emt 0:01:39]} dxc5 {[%emt 0:00:46]} 22. c4 {[%emt 0:00:45]} bxc4 {[%emt 0:18:02]} 23. Nxc4 {[%emt 0:01:08]} Nf4 {[%emt 0:00:40]} 24. Qf1 {[%emt 0:00:06]} Nxc4 {[%emt 0:00:14]} 25. Qxc4 {[%emt 0:00:06]} a5 {[%emt 0:00:05]} 26. Kh2 {[%emt 0:10:18]} Ba6 {[%emt 0:01:16]} 27. Qa4 {[%emt 0:00:53]} Qb6 {[%emt 0:03:48]} 28. Ne1 {[%emt 0:05:18]} Ne2 {[%emt 0:01:18]} 29. Rb1 {[%emt 0:00:28]} Nd4 {[%emt 0:00:08]} 30. Bd3 {[%emt 0:00:22]} Bb7 {[%emt 0:19:09]} 31. b3 {[%emt 0:02:08]} Rab8 {[%emt 0:01:29]} 32. Nc2 {[%emt 0:01:42]} Bc6 {[%emt 0:02:02]} 33. Qc4 {[%emt 0:00:03]} Bb5 {[%emt 0:01:41]} 34. Qc3 {[%emt 0:00:03]} Bxd3 {[%emt 0:00:35]} 35. Qxd3 {[%emt 0:00:37]} Nxb3 {[%emt 0:00:48]} 36. Ne3 {[%emt 0:01:21]} a4 {[%emt 0:01:42]} 37. Nd5 {[%emt 0:00:18]} Qc6 {[%emt 0:00:36]} 38. Qc4 {[%emt 0:00:57]} Nd2 {[%emt 0:01:05]} 39. Rxd2 {[%emt 0:01:57]} Rxb1 {[%emt 0:00:02]} 40. Rd3 {[%emt 0:00:00]} Rb3 {[%emt 0:00:00]} 41. Rxb3 {[%emt 0:03:26]} axb3 {[%emt 0:03:36]} 42. Qxb3 {[%emt 0:01:58]} c4 {[%emt 0:00:10]} 43. Qc3 {[%emt 0:00:38]} Qc5 {[%emt 0:00:19]} 44. a4 {[%emt 0:01:45]} Qd4 {[%emt 0:00:18]} 45. Qg3 {[%emt 0:01:41]} Re6 {[%emt 0:02:32]} 46. a5 {[%emt 0:01:30]} Qd3 {[%emt 0:08:15]} 0-1

[Event "SRB-chT Men 1st League 2019"]
[Site "Subotica"]
[Date "2019.08.26"]
[Round "5.18"]
[White "Laketic, Gojko"]
[Black "Sredojevic, Ivan"]
[Result "1/2-1/2"]
[WhiteElo "2376"]
[BlackElo "2232"]
[Annotator "NA"]
[PlyCount "56"]
[EventDate "2019.08.23"]
[EventType "team-tourn"]
[EventCountry "SRB"]
[SourceTitle "playchess.com"]
[Source "ChessBase"]
[SourceQuality "1"]
[TimeControl "40/5400+30:1800+30"]

1. d4 {[%emt 0:00:00]} Nf6 {[%emt 0:00:00]} 2. c4 {[%emt 0:00:10]} g6 {[%emt 0:00:00]} 3. Nc3 {[%emt 0:00:18]} Bg7 {[%emt 0:00:07]} 4. e4 {[%emt 0:00:18]} d6 {[%emt 0:00:05]} 5. Nf3 {[%emt 0:00:09]} O-O {[%emt 0:00:07]} 6. Be2 {[%emt 0:00:11]} e5 {[%emt 0:00:04]} 7. d5 {[%emt 0:00:40]} a5 {[%emt 0:06:40]} 8. Bg5 {[%emt 0:00:27]} h6 {[%emt 0:01:21]} 9. Bh4 {[%emt 0:00:54]} Na6 {[%emt 0:00:07]} 10. Nd2 {[%emt 0:00:15]} Bd7 {[%emt 0:02:12]} 11. f3 {[%emt 0:09:06]} Qe8 {[%emt 0:00:58]} 12. Bf2 {[%emt 0:00:10]} Nh7 {[%emt 0:02:03]} 13. b3 {[%emt 0:03:57]} h5 {[%emt 0:01:35]} 14. a3 {[%emt 0:03:50]} Qe7 {[%emt 0:00:38]} 15. h4 {[%emt 0:03:42]} Bh6 {[%emt 0:01:31]} 16. Rb1 {[%emt 0:02:01]} c5 {[%emt 0:03:16]} 17. Bd3 {[%emt 0:10:36]} f5 {[%emt 0:06:38]} 18. Qe2 {[%emt 0:15:46]} Nf6 {[%emt 0:05:13]} 19. Nf1 {[%emt 0:00:09]} Rf7 {[%emt 0:28:48]} 20. Kd1 {[%emt 0:12:42]} Nc7 {[%emt 0:08:56]} 21. Ng3 {[%emt 0:00:50]} Raf8 {[%emt 0:16:08]} 22. Kc2 {[%emt 0:01:34]} fxe4 {[%emt 0:03:44]} 23. Ngxe4 {[%emt 0:00:36]} Nxe4 {[%emt 0:00:31]} 24. Bxe4 {[%emt 0:03:25]} Bf5 {[%emt 0:00:45]} 25. Qd3 {[%emt 0:10:34]} Ne8 {[%emt 0:01:08]} 26. b4 {[%emt 0:04:28]} axb4 {[%emt 0:00:13]} 27. axb4 {[%emt 0:00:05]} cxb4 {[%emt 0:00:48]} 28. Rxb4 {[%emt 0:00:04]} Nf6 {[%emt 0:10:24]} 1/2-1/2

[Event "SRB-chT Men 1st League 2019"]
[Site "Subotica"]
[Date "2019.08.27"]
[Round "6.1"]
[White "Rublevsky, Sergei"]
[Black "Ter-Sahakyan, Samvel"]
[Result "1/2-1/2"]
[WhiteElo "2652"]
[BlackElo "2632"]
[Annotator "TA"]
[PlyCount "107"]
[EventDate "2019.08.23"]
[EventType "team-tourn"]
[EventCountry "SRB"]
[SourceTitle "playchess.com"]
[Source "ChessBase"]
[SourceQuality "1"]

{[%evp 16,107,17,7,7,4,7,13,0,10,20,22,20,19,22,16,16,18,37,33,47,38,38,31,31,31,45,31,47,25,25,25,44,42,42,42,42,43,47,47,47,42,42,42,42,42,41,41,39,6,6,6,6,6,6,0,6,2,0,0,0,0,0,0,0,0,0,0,0,0,0,0,0,0,0,0,0,0,0,0,0,0,0,0,0,0,0,0,0,0,0,0,0,0]} 1. e4 c5 2. Nf3 d6 3. d4 cxd4 4. Nxd4 Nf6 5. Nc3 a6 6. Be2 e5 7. Nb3 Be7 8. O-O O-O 9. Re1 Be6 {B92: Sicilian Najdorf: 6 Be2} 10. Bf3 Nbd7 11. a4 Rc8 (11... Qb8 12. a5 Rc8 13. h3 h6 14. Nd5 Nxd5 15. exd5 Bf5 16. c3 Nf6 17. Ra4 {0-1 (96) Vovk,Y (2579)-Wojtaszek,R (2724) Katowice 2019}) 12. Be3 Nb6 13. Nd2 Nc4 14. Nxc4 Rxc4 15. Be2 Rc8 16. a5 Qd7 $146 ({Predecessor:} 16... d5 17. Bb6 Qd6 18. exd5 Nxd5 19. Nxd5 Bxd5 {1-0 (51) Huerga,A (2265)-Yarmolyuk,Y (2168) LSS email 2014}) 17. Nd5 Bd8 18. Nxf6+ Bxf6 19. Bf3 h6 20. b3 Bg5 21. c4 Rc6 22. Bxg5 hxg5 23. h3 g6 24. Qd2 Qe7 25. Re3 Rb8 26. Be2 Kg7 27. Rg3 f6 28. Rc1 Qc7 29. Bg4 Bf7 30. Rd3 b5 {[%cal Rb5c4]} 31. axb6 Rbxb6 32. Rd1 Qb7 {The position is equal.} 33. Qe3 Qc7 34. Qg3 Rb8 35. Qe3 Rcb6 36. Rc3 {Threatens to win with c5.} Qc5 37. Qxc5 dxc5 38. Rd7 R8b7 39. Rcd3 Kf8 40. Rxb7 Rxb7 $11 {[%mdl 4096] Endgame KRB-KRB} 41. Bc8 Rb6 42. Rd8+ Be8 43. Bd7 Ke7 {[%mdl 64] [#] Double Attack} 44. Rxe8+ Kxd7 {KR-KR} 45. Ra8 Kc7 46. Kf1 Kb7 47. Rf8 a5 48. Rf7+ Ka6 49. Ke2 Rxb3 {aiming for ...a4.} 50. Rxf6+ {[%mdl 64] [#] Double Attack} Rb6 51. Rf8 Kb7 52. Rf7+ Ka6 53. Rf8 $1 {White wants to play Ra8+.} Kb7 54. Rf7+ {Accuracy: White = 80%, Black = 74%.} 1/2-1/2

[Event "SRB-chT Men 1st League 2019"]
[Site "Subotica"]
[Date "2019.08.27"]
[Round "6.2"]
[White "Ratkovic, Miloje"]
[Black "Ivanisevic, Ivan"]
[Result "1-0"]
[WhiteElo "2431"]
[BlackElo "2618"]
[Annotator "TA"]
[PlyCount "75"]
[EventDate "2019.08.23"]
[EventType "team-tourn"]
[EventCountry "SRB"]
[SourceTitle "playchess.com"]
[Source "ChessBase"]
[SourceQuality "1"]

{[%evp 9,79,47,48,50,47,47,44,46,41,40,42,32,54,44,34,43,58,34,47,41,50,48,55,54,59,0,0,0,15,16,52,0,8,-45,-44,-50,-37,-49,-51,-93,-31,-35,-6,-88,-63,-177,-180,-168,-83,-71,-55,-105,-52,-195,-175,-185,-179,-140,-137,-530,-91,-84,245,235,697,312,670,469,504,477,944,915]} 1. d4 Nf6 2. Nf3 d6 3. c4 Bf5 4. Nc3 h6 5. e3 Nbd7 (5... c6 6. b4 Nbd7 7. a4 a5 8. bxa5 Qxa5 9. Bd2 Qc7 10. Be2 e5 11. O-O Be7 12. a5 O-O 13. Na4 {0-1 (50) Volkov,S (2604)-Moiseenko,V (2497) Kolomna 2016}) 6. Bd3 {A53: Old Indian Defence without Nf3} Bxd3 7. Qxd3 g6 8. O-O {White is slightly better.} Bg7 9. e4 e5 10. dxe5 dxe5 11. Rd1 O-O 12. Be3 Re8 $146 ({Predecessor:} 12... c6 13. Qd6 {½-½ (37) Seitz,J-Exner,G Gyor 1924}) 13. Rd2 Qc8 14. h3 Bf8 15. Rad1 Kg7 16. a3 a5 17. Qb1 ({Better is} 17. Qe2 $14) 17... Bc5 $11 18. Qd3 a4 19. Nd5 {aiming for Nxf6.} Ra5 {[%cal Ba8a5,Ba5c5,Bc5c4][%mdl 32]} 20. Bxc5 Rxc5 21. Nc3 (21. Nh2 $11) 21... Nb6 $15 22. Nd5 {Hoping for Nxf6.} Rxc4 23. Nxf6 Kxf6 24. h4 Kg7 ({Black should try} 24... Qe6 $17) 25. h5 $1 Qe6 26. Qe3 (26. hxg6 $11 fxg6 27. Rc2) 26... Rc6 {...Nc4 is the strong threat.} 27. Rd8 (27. Qe2 $15) 27... Rxd8 $1 $19 (27... gxh5 28. Rxe8 Qxe8 29. Nh4 $15) 28. Rxd8 Qe7 (28... g5 $1 $19 29. Rb8 (29. Nxg5 $2 Qf6 $19 {[%mdl 64] Double Attack}) 29... Nc4) 29. Rb8 $17 Nc4 30. Qc3 Nd6 (30... b6 $17 31. Ra8 b5) 31. Qa5 (31. Qxe5+ $15 Qxe5 32. Nxe5 Rc1+ 33. Kh2) 31... Nxe4 ({Don't do} 31... gxh5 32. Qa8 $17) 32. hxg6 Rc1+ {[%mdl 64] Zwischenzug} ({Don't play} 32... Rxg6 33. Rxb7 Rc6 34. Qe1 $15) 33. Kh2 {With the idea gxf7.} Nxf2 {( -> ...Rh1+)} 34. Qxa4 $2 {[%mdl 8192]} (34. Qxe5+ $17 {nothing else works.} Qxe5+ 35. Nxe5) 34... fxg6 $2 (34... Qf6 $19 {and Black stays clearly on top.} 35. gxf7 Qxf7) 35. Kg3 Nd3 $2 {[%mdl 8192] [#]} (35... Nh1+ $1 $17 36. Kh2 h5) 36. Qb3 $1 $40 {[%cal Rb3g8][%mdl 192] Double Attack. White attacks with force.} h5 $2 (36... Qf7 37. Qxd3 g5) 37. Qxd3 (37. Qg8+ $142 Kh6 38. Qh8+ Qh7 {[#]} 39. Qf6 $1 {[%mdl 512]}) 37... Rh1 $2 (37... b6 38. Rd8 Qf6 39. Rd7+ Kh6 40. Qe3+ Qf4+ 41. Qxf4+ exf4+ 42. Kxf4 Rc5) 38. Qc4 {Played: Qd3-d5} 1-0

[Event "SRB-chT Men 1st League 2019"]
[Site "Subotica"]
[Date "2019.08.27"]
[Round "6.3"]
[White "Miladinovic, Igor"]
[Black "Ratkovic, Milovan"]
[Result "1-0"]
[WhiteElo "2532"]
[BlackElo "2411"]
[Annotator "ChessBase"]
[PlyCount "49"]
[EventDate "2019.08.23"]
[EventType "team-tourn"]
[EventCountry "SRB"]
[SourceTitle "playchess.com"]
[Source "ChessBase"]
[SourceQuality "1"]
[TimeControl "40/5400+30:1800+30"]

1. d4 {[%emt 0:00:00]} d5 {[%emt 0:00:17]} 2. Bf4 {[%emt 0:00:01]} c5 {[%emt 0:01:00]} 3. e3 {[%emt 0:00:11]} cxd4 {[%emt 0:00:15]} 4. exd4 {[%emt 0:00:44]} Nc6 {[%emt 0:00:13]} 5. c3 {[%emt 0:00:06]} Nf6 {[%emt 0:00:10]} 6. Nf3 {[%emt 0:01:02]} Bf5 {[%emt 0:03:50]} 7. Qb3 {[%emt 0:00:52]} Na5 {[%emt 0:01:42]} 8. Qa4+ {[%emt 0:01:33]} Bd7 {[%emt 0:00:21]} 9. Qc2 {[%emt 0:00:42]} e6 {[%emt 0:00:12]} 10. Ne5 {[%emt 0:01:02]} Be7 {[%emt 0:01:12]} 11. Nd2 {[%emt 0:03:26]} Rc8 {[%emt 0:01:45]} 12. Ndf3 {[%emt 0:03:05]} O-O {[%emt 0:12:47]} 13. Bd3 {[%emt 0:00:58]} Be8 {[%emt 0:01:12]} 14. Ng5 {[%emt 0:11:21]} h6 {[%emt 0:06:36]} 15. h4 {[%emt 0:02:22]} Nc4 {[%emt 0:27:20]} 16. Bxc4 {[%emt 0:04:32]} dxc4 {[%emt 0:00:42]} 17. Ng4 {[%emt 0:00:07]} g6 {[%emt 0:01:48]} 18. Nxh6+ {[%emt 0:02:54]} Kg7 {[%emt 0:01:06]} 19. h5 {[%emt 0:09:16]} Nd7 {[%emt 0:06:54]} 20. Nhxf7 {[%emt 0:12:19]} Bxf7 {[%emt 0:00:44]} 21. Nxf7 {[%emt 0:06:48]} Rxf7 {[%emt 0:01:15]} 22. Bh6+ {[%emt 0:00:44]} Kh8 {[%emt 0:00:30]} 23. hxg6 {[%emt 0:00:10]} Rf5 {[%emt 0:02:29]} 24. Qe4 {[%emt 0:03:53]} Nf6 {[%emt 0:05:14]} 25. Bf8+ {[%emt 0:04:32]} 1-0

[Event "SRB-chT Men 1st League 2019"]
[Site "Subotica"]
[Date "2019.08.27"]
[Round "6.4"]
[White "Popov, Sinisa S"]
[Black "Miljkovic, Miroslav D"]
[Result "0-1"]
[WhiteElo "2440"]
[BlackElo "2483"]
[Annotator "ChessBase"]
[PlyCount "72"]
[EventDate "2019.08.23"]
[EventType "team-tourn"]
[EventCountry "SRB"]
[SourceTitle "playchess.com"]
[Source "ChessBase"]
[SourceQuality "1"]
[TimeControl "40/5400+30:1800+30"]

1. d4 {[%emt 0:00:00]} Nf6 {[%emt 0:00:00]} 2. c4 {[%emt 0:00:00]} e6 {[%emt 0:00:00]} 3. Nc3 {[%emt 0:00:12]} Bb4 {[%emt 0:00:03]} 4. e3 {[%emt 0:00:36]} O-O {[%emt 0:00:17]} 5. Nge2 {[%emt 0:05:18]} Re8 {[%emt 0:00:11]} 6. a3 {[%emt 0:01:05]} Bf8 {[%emt 0:00:09]} 7. Ng3 {[%emt 0:03:08]} d5 {[%emt 0:01:00]} 8. Bd3 {[%emt 0:02:35]} c5 {[%emt 0:01:14]} 9. dxc5 {[%emt 0:02:21]} dxc4 {[%emt 0:01:22]} 10. Bxc4 {[%emt 0:00:11]} Qxd1+ {[%emt 0:00:34]} 11. Kxd1 {[%emt 0:02:15]} Bxc5 {[%emt 0:00:22]} 12. Ke2 {[%emt 0:05:48]} a6 {[%emt 0:19:19]} 13. b4 {[%emt 0:08:29]} Be7 {[%emt 0:02:23]} 14. Bb2 {[%emt 0:00:18]} Nbd7 {[%emt 0:02:34]} 15. Nce4 {[%emt 0:19:47]} Nxe4 {[%emt 0:05:43]} 16. Nxe4 {[%emt 0:00:44]} Nb6 {[%emt 0:00:15]} 17. Bd3 {[%emt 0:07:52]} Bd7 {[%emt 0:04:14]} 18. Bd4 {[%emt 0:06:50]} Nd5 {[%emt 0:00:30]} 19. Bc5 {[%emt 0:02:18]} f5 {[%emt 0:03:34]} 20. Nd2 {[%emt 0:13:29]} Bxc5 {[%emt 0:13:20]} 21. bxc5 {[%emt 0:00:10]} Nc3+ {[%emt 0:00:10]} 22. Ke1 {[%emt 0:02:25]} Rac8 {[%emt 0:04:21]} 23. Nb3 {[%emt 0:02:35]} Ba4 {[%emt 0:02:41]} 24. Kd2 {[%emt 0:00:50]} Bxb3 {[%emt 0:03:56]} 25. Kxc3 {[%emt 0:00:11]} Bd5 {[%emt 0:00:06]} 26. Kb4 {[%emt 0:03:17]} Bxg2 {[%emt 0:01:30]} 27. Rhd1 {[%emt 0:00:23]} Bf3 {[%emt 0:02:12]} 28. Rd2 {[%emt 0:00:08]} Red8 {[%emt 0:10:03]} 29. Raa2 {[%emt 0:04:17]} Kf7 {[%emt 0:00:57]} 30. Rac2 {[%emt 0:02:00]} Ke7 {[%emt 0:00:42]} 31. Bc4 {[%emt 0:00:42]} g5 {[%emt 0:01:32]} 32. Bb3 {[%emt 0:01:09]} g4 {[%emt 0:04:28]} 33. Rd6 {[%emt 0:00:27]} a5+ {[%emt 0:00:47]} 34. Kxa5 {[%emt 0:00:55]} Rxc5+ {[%emt 0:00:31]} 35. Rxc5 {[%emt 0:00:08]} Kxd6 {[%emt 0:01:57]} 36. Kb4 {[%emt 0:01:18]} Rf8 {[%emt 0:02:14]} 0-1

[Event "SRB-chT Men 1st League 2019"]
[Site "Subotica"]
[Date "2019.08.27"]
[Round "6.5"]
[White "Lazic, Miroljub"]
[Black "Budisavljevic, Luka"]
[Result "1/2-1/2"]
[WhiteElo "2387"]
[BlackElo "2359"]
[Annotator "NA"]
[PlyCount "93"]
[EventDate "2019.08.23"]
[EventType "team-tourn"]
[EventCountry "SRB"]
[SourceTitle "playchess.com"]
[Source "ChessBase"]
[SourceQuality "1"]
[TimeControl "40/5400+30:1800+30"]

1. g3 {[%emt 0:00:00]} d5 {[%emt 0:01:05]} 2. Nf3 {[%emt 0:00:00]} c6 {[%emt 0:00:11]} 3. Bg2 {[%emt 0:00:23]} Bg4 {[%emt 0:00:13]} 4. O-O {[%emt 0:01:23]} Nd7 {[%emt 0:00:05]} 5. d3 {[%emt 0:00:18]} e6 {[%emt 0:00:21]} 6. Nbd2 {[%emt 0:00:25]} Bd6 {[%emt 0:00:29]} 7. h3 {[%emt 0:00:58]} Bh5 {[%emt 0:00:04]} 8. e4 {[%emt 0:00:39]} Ne7 {[%emt 0:00:16]} 9. Qe1 {[%emt 0:00:31]} O-O {[%emt 0:00:15]} 10. a3 {[%emt 0:06:29]} a5 {[%emt 0:02:36]} 11. b3 {[%emt 0:02:07]} e5 {[%emt 0:02:57]} 12. Bb2 {[%emt 0:02:26]} Qc7 {[%emt 0:20:10]} 13. Rc1 {[%emt 0:20:13]} Rfe8 {[%emt 0:05:54]} 14. exd5 {[%emt 0:09:06]} cxd5 {[%emt 0:00:58]} 15. c4 {[%emt 0:01:00]} Qb8 {[%emt 0:09:36]} 16. cxd5 {[%emt 0:02:49]} Nc5 {[%emt 0:13:31]} 17. Qe2 {[%emt 0:36:06]} Nxd5 {[%emt 0:00:04]} 18. Rfe1 {[%emt 0:05:06]} Bg6 {[%emt 0:13:57]} 19. Nh4 {[%emt 0:03:08]} Bxd3 {[%emt 0:01:36]} 20. Qf3 {[%emt 0:00:02]} e4 {[%emt 0:04:21]} 21. Qg4 {[%emt 0:00:28]} Be5 {[%emt 0:00:49]} 22. Bxe5 {[%emt 0:00:21]} Rxe5 {[%emt 0:00:07]} 23. Nf5 {[%emt 0:03:27]} g6 {[%emt 0:08:27]} 24. Nd4 {[%emt 0:03:59]} Nf6 {[%emt 0:03:24]} 25. Qf4 {[%emt 0:00:25]} g5 {[%emt 0:06:07]} 26. Qxf6 {[%emt 0:00:13]} Ra6 {[%emt 0:00:03]} 27. Qxa6 {[%emt 0:00:48]} Bxa6 {[%emt 0:01:06]} 28. Bxe4 {[%emt 0:00:28]} Nd3 {[%emt 0:04:04]} 29. Bxd3 {[%emt 0:00:06]} Bxd3 {[%emt 0:00:12]} 30. N2f3 {[%emt 0:00:06]} Rd5 {[%emt 0:01:01]} 31. Rc3 {[%emt 0:01:16]} Bg6 {[%emt 0:00:11]} 32. Rce3 {[%emt 0:00:42]} Qd6 {[%emt 0:00:13]} 33. Ne2 {[%emt 0:00:30]} h6 {[%emt 0:01:28]} 34. a4 {[%emt 0:00:28]} Rd1 {[%emt 0:00:32]} 35. Rxd1 {[%emt 0:00:23]} Qxd1+ {[%emt 0:00:01]} 36. Kg2 {[%emt 0:00:10]} Qd5 {[%emt 0:00:23]} 37. g4 {[%emt 0:00:33]} Kg7 {[%emt 0:01:09]} 38. Ng3 {[%emt 0:00:05]} Kf8 {[%emt 0:00:30]} 39. Rc3 {[%emt 0:00:20]} Ke7 {[%emt 0:00:30]} 40. Kh2 {[%emt 0:00:00]} Qd6 {[%emt 0:00:00]} 41. Re3+ {[%emt 0:01:25]} Kf6 {[%emt 0:03:40]} 42. Kg2 {[%emt 0:04:48]} Qd5 {[%emt 0:01:07]} 43. Rc3 {[%emt 0:00:47]} Kg7 {[%emt 0:01:52]} 44. Kh2 {[%emt 0:00:58]} Qd6 {[%emt 0:01:13]} 45. Kg2 {[%emt 0:00:28]} Qd5 {[%emt 0:03:14]} 46. Kh2 {[%emt 0:00:11]} Qd6 {[%emt 0:02:43]} 47. Kg2 {[%emt 0:01:01]} 1/2-1/2